[Event "EU-ch Amateur U2000"]
[Site "Niksic"]
[Date "2018.06.21"]
[Round "9"]
[White "Bourogaa, Younes"]
[Black "Djurovic, Peko"]
[Result "0-1"]
[WhiteElo "1940"]
[BlackElo "1766"]
[PlyCount "128"]
[EventDate "2018.06.14"]
[EventType "swiss"]
[EventRounds "9"]
[EventCountry "MNE"]
[SourceTitle "EXT 2019"]
[Source "ChessBase"]
[SourceDate "2018.10.10"]
[SourceVersion "1"]
[SourceVersionDate "2018.10.10"]
[SourceQuality "1"]

1. d4 d5 2. c4 e6 3. Nc3 Nf6 4. Bg5 Nbd7 5. e3 Be7 6. cxd5 exd5 7. Bd3 0-0 8. Qc2 h6 9. Bh4 b6 10. Nf3 Bb7 11. 0-0 Re8 12. a3 c5 13. a4 Ne4 14. Bxe7 Qxe7 15. Bb5 a6 16. Be2 cxd4 17. Nxd4 Ndf6 18. Nxe4 Nxe4 19. Bf3 Rac8 20. Qd3 Qb4 21. Bxe4 dxe4 22. Qa3 Qxa3 23. Rxa3 Bd5 24. h3 Rc5 25. Rc3 Rxc3 26. bxc3 Kf8 27. Rb1 Rb8 28. Rb4 Ke8 29. Nf5 g6 30. Nd6+ Kd7 31. Nxe4 Bxe4 32. Rxe4 Rc8 33. Rd4+ Ke6 34. c4 Rc5 35. Rd8 Rxc4 36. Rb8 Rc6 37. Kf1 Kd5 38. Rb7 f5 39. Rd7+ Kc5 40. Rd1 Kb4 41. Rd4+ Ka5 42. g4 fxg4 43. hxg4 b5 44. axb5 axb5 45. f4 b4 46. Ke2 b3 47. Rd1 Kb4 48. f5 b2 49. Rb1 Kc3 50. e4 Kc2 51. Rxb2+ Kxb2 52. Kd3 Rd6+ 53. Kc4 gxf5 54. gxf5 Rf6 55. Kd4 h5 56. Ke5 Rf8 57. Kf4 Kc3 58. e5 Kd4 59. e6 Kd5 60. Kg5 Ke5 61. e7 Rg8+ 62. Kxh5 Kxf5 63. Kh6 Kf6 64. Kh7 Re8 0-1

[Event "EU-ch Amateur U2000"]
[Site "Niksic"]
[Date "2018.06.20"]
[Round "8"]
[White "Dedic, Slavko"]
[Black "Bourogaa, Younes"]
[Result "0-1"]
[WhiteElo "1840"]
[BlackElo "1940"]
[PlyCount "80"]
[EventDate "2018.06.14"]
[EventType "swiss"]
[EventRounds "9"]
[EventCountry "MNE"]
[SourceTitle "EXT 2019"]
[Source "ChessBase"]
[SourceDate "2018.10.10"]
[SourceVersion "1"]
[SourceVersionDate "2018.10.10"]
[SourceQuality "1"]

1. c4 Nf6 2. d4 e6 3. Nc3 d5 4. e3 c6 5. Nf3 dxc4 6. Bxc4 b5 7. Bd3 a6 8. 0-0 Be7 9. a3 0-0 10. Bd2 c5 11. Bb1 cxd4 12. Nxd4 Bb7 13. Nf3 Nbd7 14. Qe2 Nc5 15. Bc2 Nce4 16. Rfd1 Nxd2 17. Rxd2 Qb6 18. Rad1 Rac8 19. Ne5 Bxa3 20. Nxb5 Bxb2 21. Nd4 Bc3 22. Rd3 Bxd4 23. Rxd4 Qc7 24. Nd7 Qxc2 25. Qxc2 Rxc2 26. Nxf8 Kxf8 27. f3 g6 28. e4 Bc6 29. g4 h6 30. h4 Bb5 31. g5 hxg5 32. hxg5 Ne8 33. Ra1 Ke7 34. Rb1 Nd6 35. Ra1 Nc4 36. Rad1 Ne5 37. Rf1 Bxf1 38. Kxf1 Nxf3 39. Rb4 Nxg5 40. e5 Rc7 0-1

[Event "EU-ch Amateur U2000"]
[Site "Niksic"]
[Date "2018.06.17"]
[Round "5"]
[White "Bourogaa, Younes"]
[Black "Malisic, Miroslav"]
[Result "1-0"]
[WhiteElo "1940"]
[BlackElo "1820"]
[PlyCount "55"]
[EventDate "2018.06.14"]
[EventType "swiss"]
[EventRounds "9"]
[EventCountry "MNE"]
[SourceTitle "EXT 2019"]
[Source "ChessBase"]
[SourceDate "2018.10.10"]
[SourceVersion "1"]
[SourceVersionDate "2018.10.10"]
[SourceQuality "1"]

1. d4 Nf6 2. c4 e6 3. Nc3 d5 4. Bg5 c6 5. e3 Nbd7 6. cxd5 exd5 7. Bd3 Qb6 8. a3 Bd6 9. Nf3 0-0 10. 0-0 Qc7 11. Qc2 h6 12. Bh4 Ng4 13. Bg3 Bxg3 14. hxg3 Nb6 15. Ne2 Be6 16. Nf4 Qd6 17. Nxe6 fxe6 18. Nh4 e5 19. Bh7+ Kf7 20. Bg6+ Kg8 21. Bh7+ Kh8 22. Ng6+ Kxh7 23. Nxf8+ Kg8 24. Ng6 e4 25. Nf4 g5 26. Qe2 Qd7 27. Nh5 Qe6 28. Qxg4 1-0

[Event "EU-ch Amateur U2000"]
[Site "Niksic"]
[Date "2018.06.16"]
[Round "4"]
[White "Srdanovic, Ljuban"]
[Black "Bourogaa, Younes"]
[Result "0-1"]
[WhiteElo "1802"]
[BlackElo "1940"]
[PlyCount "134"]
[EventDate "2018.06.14"]
[EventType "swiss"]
[EventRounds "9"]
[EventCountry "MNE"]
[SourceTitle "EXT 2019"]
[Source "ChessBase"]
[SourceDate "2018.10.10"]
[SourceVersion "1"]
[SourceVersionDate "2018.10.10"]
[SourceQuality "1"]

1. e4 e6 2. d4 d5 3. Nd2 dxe4 4. Nxe4 Nd7 5. Nf3 Ngf6 6. Bg5 Be7 7. Bd3 Nxe4 8. Bxe7 Qxe7 9. Bxe4 Qb4+ 10. Qd2 Qxb2 11. 0-0 Qa3 12. Qf4 Qd6 13. Qg5 g6 14. Qh6 Qf8 15. Qe3 c6 16. c4 Nf6 17. Bc2 Qg7 18. Qa3 Qf8 19. Qa5 Qe7 20. Rfe1 0-0 21. d5 cxd5 22. cxd5 Qd8 23. Qa3 Nxd5 24. Rad1 b6 25. Be4 Bb7 26. Ne5 Qg5 27. Qb2 Rfd8 28. h3 Rac8 29. Ng4 f5 30. Bxd5 Bxd5 31. Qe5 Rf8 32. g3 h5 33. f4 Qd8 34. Ne3 Qc7 35. Qxc7 Rxc7 36. Nxd5 exd5 37. Rxd5 Rfc8 38. Red1 Rc1 39. Kf1 Rxd1+ 40. Rxd1 Kf7 41. Ke1 Ke6 42. Ke2 Rc3 43. Kf2 h4 44. gxh4 Rxh3 45. Rd8 Rh2+ 46. Kg3 Rxa2 47. Re8+ Kf7 48. Rb8 Ra3+ 49. Kg2 Ra5 50. Kg3 b5 51. h5 gxh5 52. Kh4 Kg6 53. Rg8+ Kf7 54. Rb8 Ke6 55. Kxh5 Kd5 56. Kg5 Kc4 57. Kxf5 b4+ 58. Ke4 Rb5 59. Rc8+ Rc5 60. Rb8 a5 61. f5 a4 62. f6 Rc7 63. Ke5 a3 64. Ke6 a2 65. Ra8 b3 66. f7 Rxf7 67. Kxf7 Kc3 0-1

[Event "World Amateur-ch U2300"]
[Site "Cagliari"]
[Date "2018.04.29"]
[Round "9"]
[White "Bourogaa, Younes"]
[Black "Mitrandzas, Athanasios"]
[Result "1/2-1/2"]
[WhiteElo "1911"]
[BlackElo "2177"]
[PlyCount "95"]
[EventDate "2018.04.22"]
[EventType "swiss"]
[EventRounds "9"]
[EventCountry "ITA"]
[SourceTitle "CBM 184 Extra"]
[Source "ChessBase"]
[SourceDate "2018.06.28"]
[SourceVersion "1"]
[SourceVersionDate "2018.06.28"]
[SourceQuality "1"]

1. d4 Nf6 2. c4 e6 3. Nc3 Bb4 4. Qc2 Nc6 5. Nf3 d6 6. a3 Bxc3+ 7. Qxc3 a5 8. Bg5 h6 9. Bh4 Qe7 10. e3 e5 11. d5 Nb8 12. Be2 g5 13. Bg3 Ne4 14. Qc2 Bf5 15. Bd3 Nxg3 16. hxg3 e4 17. Bf1 exf3 18. Qxf5 fxg2 19. Qc8+ Qd8 20. Qxd8+ Kxd8 21. Bxg2 Nd7 22. Kd2 Nc5 23. Kc3 a4 24. Rh5 Ke7 25. Rah1 Rab8 26. Rxh6 Rxh6 27. Rxh6 b5 28. cxb5 Rxb5 29. Rh5 Rb3+ 30. Kc2 Nd3 31. Bf1 Nxf2 32. Rxg5 Rxe3 33. Bb5 Ne4 34. Rg8 f5 35. Rg7+ Kf6 36. Rxc7 Nc5 37. Ra7 Re4 38. Ra8 Rg4 39. Bc6 Ke5 40. Re8+ Kd4 41. Rf8 Ke3 42. Rxf5 Rc4+ 43. Kb1 Nb3 44. Ka2 Nc1+ 45. Kb1 Nb3 46. Ka2 Nc1+ 47. Kb1 Nb3 48. Ka2 1/2-1/2

[Event "World Amateur-ch U2300"]
[Site "Cagliari"]
[Date "2018.04.24"]
[Round "4"]
[White "Bigabylov, Zhuban"]
[Black "Bourogaa, Younes"]
[Result "1-0"]
[WhiteElo "2095"]
[BlackElo "1911"]
[PlyCount "61"]
[EventDate "2018.04.22"]
[EventType "swiss"]
[EventRounds "9"]
[EventCountry "ITA"]
[SourceTitle "CBM 184 Extra"]
[Source "ChessBase"]
[SourceDate "2018.06.28"]
[SourceVersion "1"]
[SourceVersionDate "2018.06.28"]
[SourceQuality "1"]

1. d4 Nf6 2. c4 e6 3. Nc3 d5 4. Bg5 Be7 5. e3 h6 6. Bh4 0-0 7. Nf3 Ne4 8. Bxe7 Qxe7 9. Rc1 Nxc3 10. Rxc3 c6 11. Bd3 Nd7 12. 0-0 dxc4 13. Bxc4 e5 14. Bb3 exd4 15. exd4 Nf6 16. Re1 Qd6 17. Ne5 Be6 18. Bxe6 fxe6 19. Rg3 Qd5 20. Qd3 Ne8 21. Ng4 h5 22. Nh6+ Kh8 23. Re5 Qxa2 24. h4 Rf6 25. Rxh5 gxh6 26. Rg6 Rf7 27. Rhxh6+ Rh7 28. Rxh7+ Kxh7 29. Rg3+ Kh8 30. Qg6 Nc7 31. Qg7# 1-0

[Event "World Amateur-ch U2300"]
[Site "Cagliari"]
[Date "2018.04.22"]
[Round "1"]
[White "Bourogaa, Younes"]
[Black "Ibar, Marcelo Rodolfo"]
[Result "0-1"]
[WhiteElo "1911"]
[BlackElo "2121"]
[PlyCount "38"]
[EventDate "2018.04.22"]
[EventType "swiss"]
[EventRounds "9"]
[EventCountry "ITA"]
[SourceTitle "CBM 184 Extra"]
[Source "ChessBase"]
[SourceDate "2018.06.28"]
[SourceVersion "1"]
[SourceVersionDate "2018.06.28"]
[SourceQuality "1"]

1. d4 Nf6 2. c4 e6 3. Nc3 c5 4. d5 exd5 5. Nxd5 Nxd5 6. Qxd5 Nc6 7. Nf3 Be7 8. Ne5 Nxe5 9. Qxe5 0-0 10. Qc3 d5 11. cxd5 Qxd5 12. Qf3 Qxf3 13. exf3 Bf6 14. Bd3 Re8+ 15. Kf1 b6 16. Rb1 Be6 17. b3 Rad8 18. Bb5 Bc4+ 19. Bxc4 Rd1# 0-1

[Event "EU Amateur-ch"]
[Site "Ruzomberok"]
[Date "2016.06.11"]
[Round "8"]
[White "Bourogaa, Younes"]
[Black "Valentik, Roman"]
[Result "1-0"]
[WhiteElo "1926"]
[BlackElo "1880"]
[PlyCount "97"]
[EventDate "2016.06.06"]
[EventType "swiss"]
[EventRounds "9"]
[EventCountry "SVK"]
[SourceTitle "CBM 172 Extra"]
[Source "ChessBase"]
[SourceDate "2016.06.21"]
[SourceVersion "1"]
[SourceVersionDate "2016.06.21"]
[SourceQuality "1"]

1. d4 e6 2. c4 d5 3. Nf3 Nf6 4. Nc3 c6 5. Bg5 Nbd7 6. e3 Bd6 7. cxd5 exd5 8. Bd3 Qc7 9. Qc2 h6 10. Bh4 Nf8 11. Rc1 a6 12. Bxf6 gxf6 13. Nxd5 Qa5+ 14. Nc3 Rg8 15. g3 Bh3 16. Nh4 Bd7 17. 0-0 Qh5 18. Nf5 Bb8 19. Ne4 Nh7 20. Ned6+ Bxd6 21. Nxd6+ Ke7 22. Bxh7 Bh3 23. Bxg8 Qf3 24. Qe4+ Qxe4 25. Nxe4 Bxf1 26. Kxf1 Rxg8 27. Ke2 h5 28. h4 f5 29. Nc5 Rb8 30. Nd3 Kf6 31. Nf4 Rh8 32. Kd3 Ke7 33. Kc4 Kd6 34. Kb4 a5+ 35. Kxa5 Ra8+ 36. Kb4 Rxa2 37. Kb3 Ra6 38. Nxh5 Kd5 39. f3 Rb6+ 40. Ka2 Ra6+ 41. Kb1 Ra8 42. Rc5+ Ke6 43. Re5+ Kd6 44. Rxf5 Re8 45. e4 Rf8 46. Kc2 Kc7 47. Nf4 Kb6 48. h5 Rd8 49. Kc3 1-0

[Event "EU Amateur-ch"]
[Site "Ruzomberok"]
[Date "2016.06.08"]
[Round "4"]
[White "Bourogaa, Younes"]
[Black "Holly, Andrej"]
[Result "1-0"]
[WhiteElo "1926"]
[BlackElo "1752"]
[PlyCount "77"]
[EventDate "2016.06.06"]
[EventType "swiss"]
[EventRounds "9"]
[EventCountry "SVK"]
[SourceTitle "CBM 172 Extra"]
[Source "ChessBase"]
[SourceDate "2016.06.21"]
[SourceVersion "1"]
[SourceVersionDate "2016.06.21"]
[SourceQuality "1"]

1. d4 Nf6 2. c4 g6 3. Nc3 Bg7 4. e4 d6 5. Be2 0-0 6. g4 c5 7. d5 Qa5 8. Kf1 Nfd7 9. Qd3 Ne5 10. Qg3 Qb4 11. a3 Qb3 12. Nb5 Qxg3 13. hxg3 Na6 14. Rh4 Bd7 15. f4 g5 16. fxg5 Bxb5 17. cxb5 Nb8 18. Nf3 Nbd7 19. Nxe5 Nxe5 20. Rb1 Rac8 21. Be3 b6 22. Kg2 Ng6 23. Rhh1 c4 24. Rhc1 Ne5 25. Rc2 Nd3 26. Bxd3 cxd3 27. Rc6 Rxc6 28. dxc6 Rc8 29. b3 d2 30. Kf2 Bb2 31. a4 Bc1 32. Rxc1 dxc1Q 33. Bxc1 Kf8 34. Be3 Rc7 35. a5 Ke8 36. axb6 axb6 37. Bxb6 Rc8 38. Ba5 e6 39. b6 1-0

[Event "EU Amateur-ch"]
[Site "Ruzomberok"]
[Date "2016.06.06"]
[Round "1"]
[White "Grabarczyk, Sylwester Piotr"]
[Black "Bourogaa, Younes"]
[Result "1/2-1/2"]
[WhiteElo "1757"]
[BlackElo "1926"]
[PlyCount "82"]
[EventDate "2016.06.06"]
[EventType "swiss"]
[EventRounds "9"]
[EventCountry "SVK"]
[SourceTitle "CBM 172 Extra"]
[Source "ChessBase"]
[SourceDate "2016.06.21"]
[SourceVersion "1"]
[SourceVersionDate "2016.06.21"]
[SourceQuality "1"]

1. e4 c6 2. d4 d5 3. Nc3 dxe4 4. Nxe4 Nf6 5. f3 Bf5 6. Bd3 Bxe4 7. Bxe4 Nxe4 8. fxe4 e5 9. Nf3 exd4 10. 0-0 Be7 11. Nxd4 c5 12. Nf5 Qxd1 13. Rxd1 Rg8 14. Be3 b6 15. Rd5 Nc6 16. Rad1 Rd8 17. Bf4 Nb4 18. Nxe7 Kxe7 19. Bd6+ Kd7 20. R5d2 Ke6 21. c3 Nc6 22. Rd5 f6 23. Bc7 Rxd5 24. exd5+ Kd7 25. Bg3 Ne7 26. c4 Nf5 27. Bf2 Nd6 28. b3 Ne4 29. Rd3 h5 30. h3 f5 31. g3 Rf8 32. Kg2 g6 33. h4 a5 34. a4 Rf7 35. Be3 Re7 36. Kf3 Re8 37. Bf4 Rg8 38. Kg2 Re8 39. Kf3 Rg8 40. Kg2 Re8 41. Kf3 Rg8 1/2-1/2

[Event "Small Paris-ch"]
[Site "Paris"]
[Date "2014.??.??"]
[Round "4"]
[White "Bourogaa, Younes"]
[Black "Walheim, Pascal"]
[Result "1-0"]
[WhiteElo "1886"]
[BlackElo "1953"]
[PlyCount "59"]
[EventDate "2014.07.??"]
[EventType "swiss"]
[EventRounds "7"]
[EventCountry "FRA"]
[SourceTitle "EXT 2015"]
[Source "ChessBase"]
[SourceDate "2014.11.20"]
[SourceVersion "1"]
[SourceVersionDate "2014.11.20"]
[SourceQuality "1"]

1. d4 Nf6 2. c4 g6 3. Nc3 d5 4. cxd5 Nxd5 5. Bd2 Bg7 6. e4 Nxc3 7. Bxc3 0-0 8. Nf3 c5 9. d5 e6 10. Bc4 exd5 11. Bxd5 Bxc3+ 12. bxc3 Qf6 13. Qd3 Nc6 14. 0-0 Rd8 15. Qe3 Ne7 16. Qxc5 b6 17. Qc4 Nxd5 18. exd5 Bb7 19. Rad1 Rac8 20. Qa4 Bxd5 21. Qxa7 Ra8 22. Qc7 Rdc8 23. Qg3 Bxf3 24. Qxf3 Qxf3 25. gxf3 Rxc3 26. Rb1 Rxa2 27. Rxb6 Rcc2 28. Rb3 h5 29. Rbb1 Kg7 30. Rb5 1-0

[Event "Small Paris-ch"]
[Site "Paris"]
[Date "2014.??.??"]
[Round "7"]
[White "Duquesne, Adrien"]
[Black "Bourogaa, Younes"]
[Result "1-0"]
[WhiteElo "1810"]
[BlackElo "1886"]
[PlyCount "127"]
[EventDate "2014.07.??"]
[EventType "swiss"]
[EventRounds "7"]
[EventCountry "FRA"]
[SourceTitle "EXT 2015"]
[Source "ChessBase"]
[SourceDate "2014.11.20"]
[SourceVersion "1"]
[SourceVersionDate "2014.11.20"]
[SourceQuality "1"]

1. d4 d5 2. c4 c6 3. Nf3 Nf6 4. Nc3 e6 5. Bg5 Be7 6. e3 Nbd7 7. cxd5 exd5 8. Bd3 0-0 9. Qc2 Re8 10. 0-0 Nf8 11. h3 Be6 12. Rab1 a6 13. b4 b5 14. Ne2 Rc8 15. Ne5 h6 16. Bh4 N6d7 17. Bxe7 Qxe7 18. f4 Nb6 19. f5 Bd7 20. Rf3 f6 21. Nxd7 Qxd7 22. Nf4 Re7 23. Rg3 Nc4 24. Qe2 Qe8 25. Nh5 Nh7 26. Bxc4 dxc4 27. Re1 Rd8 28. Qg4 Rdd7 29. Kh2 Qf7 30. h4 Qe8 31. Nf4 Re4 32. Re2 Nf8 33. Kh3 Ra7 34. Qf3 Ree7 35. Nh5 Nh7 36. Rg6 Kh8 37. Rg3 Qd7 38. Kh2 Qd5 39. Nf4 Qd6 40. Ng6+ Kg8 41. Nxe7+ Rxe7 42. Kh3 Nf8 43. a3 Nd7 44. Rg6 Nf8 45. Rg3 Nd7 46. Rg6 Nf8 47. Qg3 Qxg3+ 48. Rxg3 Nd7 49. e4 Kf7 50. Rge3 Nb6 51. g4 Rd7 52. Rd2 Re7 53. Ree2 Ke8 54. g5 Kf7 55. Kg4 Re8 56. gxh6 gxh6 57. Kh5 Na4 58. e5 Nc3 59. e6+ Ke7 60. Rg2 Ne4 61. Rde2 Nd6 62. Rg7+ Kf8 63. Reg2 Nxf5 64. Rf7# 1-0

[Event "Syre Memorial op 36th"]
[Site "Issy les Moulineaux"]
[Date "2013.05.08"]
[Round "1"]
[White "Maloberti, David"]
[Black "Bourogaa, Younes"]
[Result "1-0"]
[WhiteElo "2089"]
[BlackElo "1931"]
[PlyCount "89"]
[EventDate "2013.05.08"]
[EventType "swiss"]
[EventRounds "7"]
[EventCountry "FRA"]
[SourceTitle "EXT 2015"]
[Source "ChessBase"]
[SourceDate "2014.11.20"]
[SourceVersion "1"]
[SourceVersionDate "2014.11.20"]
[SourceQuality "1"]

1. d4 d5 2. c4 dxc4 3. Nf3 Nf6 4. Nc3 e6 5. e4 c5 6. d5 exd5 7. e5 Ne4 8. Nxd5 Qa5+ 9. Bd2 Nxd2 10. Qxd2 Qxd2+ 11. Nxd2 Na6 12. Bxc4 Be6 13. Bb5+ Kd8 14. Bxa6 Bxd5 15. Bc4 Bxc4 16. Nxc4 Kc7 17. Rd1 Be7 18. Ke2 Rad8 19. Ne3 Rxd1 20. Rxd1 Re8 21. f4 Kc6 22. Kf3 Rd8 23. Rxd8 Bxd8 24. Nf5 g6 25. Nd6 f6 26. Ke4 f5+ 27. Kd3 b5 28. b3 a6 29. h3 Kd5 30. a4 Kc6 31. axb5+ axb5 32. g4 fxg4 33. hxg4 Be7 34. Ne4 Bh4 35. g5 Kd5 36. Nc3+ Kc6 37. Ke4 Be1 38. Nd5 c4 39. bxc4 bxc4 40. Kd4 Kb5 41. e6 Kc6 42. Ke5 c3 43. e7 Kd7 44. Kf6 c2 45. Kf7 1-0

[Event "World Amateur-ch"]
[Site "Iasi"]
[Date "2013.04.29"]
[Round "8"]
[White "Pascaru, Alexandru Arthur"]
[Black "Bourogaa, Younes"]
[Result "0-1"]
[WhiteElo "1624"]
[BlackElo "1932"]
[PlyCount "102"]
[EventDate "2013.04.22"]
[EventType "swiss"]
[EventRounds "9"]
[EventCountry "ROU"]
[SourceTitle "CBM 154 Extra"]
[Source "ChessBase"]
[SourceDate "2013.06.25"]
[SourceVersion "2"]
[SourceVersionDate "2013.06.25"]
[SourceQuality "1"]

1. Nc3 Nf6 2. f4 d5 3. e3 c6 4. Nf3 Bg4 5. Be2 g6 6. 0-0 Bg7 7. h3 Bc8 8. d4 0-0 9. Bd2 Nbd7 10. Be1 c5 11. Ne5 cxd4 12. exd4 a6 13. Bf2 Qc7 14. Bd3 b5 15. Qf3 Bb7 16. Rad1 b4 17. Ne2 Ne4 18. Bh4 Ndf6 19. f5 Ne8 20. Qf4 f6 21. Nxg6 hxg6 22. fxg6 Qxf4 23. Nxf4 N8d6 24. Ne6 Rfc8 25. Be1 a5 26. Rf4 Rc6 27. h4 Bh6 28. Rf3 Nc4 29. Nf4 Bxf4 30. Rxf4 Nxb2 31. Rb1 Nxd3 32. cxd3 Nc3 33. Bxc3 Rxc3 34. Re1 Rc7 35. h5 Kg7 36. Kf2 Bc8 37. Kg3 a4 38. Rh4 Kh6 39. Kf4 b3 40. axb3 axb3 41. g4 b2 42. Rhh1 Rb8 43. Reg1 Rcb7 44. g5+ fxg5+ 45. Rxg5 b1Q 46. Rxb1 Rxb1 47. g7 Be6 48. Rg6+ Kh7 49. Rxe6 Rf1+ 50. Kg5 Rg1+ 51. Kf5 Rxg7 0-1

[Event "World Amateur-ch"]
[Site "Iasi"]
[Date "2013.04.28"]
[Round "7"]
[White "Bourogaa, Younes"]
[Black "Grigore, Adrian"]
[Result "0-1"]
[WhiteElo "1932"]
[BlackElo "1775"]
[PlyCount "74"]
[EventDate "2013.04.22"]
[EventType "swiss"]
[EventRounds "9"]
[EventCountry "ROU"]
[SourceTitle "CBM 154 Extra"]
[Source "ChessBase"]
[SourceDate "2013.06.25"]
[SourceVersion "2"]
[SourceVersionDate "2013.06.25"]
[SourceQuality "1"]

1. e4 c5 2. Nf3 e6 3. d4 cxd4 4. Nxd4 Nc6 5. Be3 a6 6. Nc3 Qc7 7. Bd3 Nf6 8. a3 b6 9. 0-0 Bb7 10. Qe2 h5 11. h3 h4 12. Rad1 Nh5 13. Qd2 Bd6 14. Nde2 0-0-0 15. Na4 b5 16. Bb6 Qb8 17. Bxd8 Kxd8 18. Bxb5 axb5 19. Qg5+ Ne7 20. Qxb5 Bxe4 21. Nb6 Bc6 22. Qd3 Bh2+ 23. Kh1 Nf6 24. Nd4 Be4 25. Qb5 Rh5 26. Nxe6+ fxe6 27. Rxd7+ Ke8 28. Rd5+ Kf7 29. Rxh5 Nf5 30. Rxf5 exf5 31. Rd1 Qf4 32. Qe2 Ng4 33. f3 Bg1 34. Qc4+ Kg6 35. Rd6+ Kh7 36. Kxg1 Qe3+ 37. Kh1 Qe1+ 0-1

[Event "World Amateur-ch"]
[Site "Iasi"]
[Date "2013.04.27"]
[Round "6"]
[White "Yanjinlkham, Bayarsaikhan"]
[Black "Bourogaa, Younes"]
[Result "1-0"]
[WhiteElo "1786"]
[BlackElo "1932"]
[PlyCount "40"]
[EventDate "2013.04.22"]
[EventType "swiss"]
[EventRounds "9"]
[EventCountry "ROU"]
[SourceTitle "CBM 154 Extra"]
[Source "ChessBase"]
[SourceDate "2013.06.25"]
[SourceVersion "2"]
[SourceVersionDate "2013.06.25"]
[SourceQuality "1"]

1. d4 d5 2. e3 Nf6 3. Bd3 e6 4. f4 c5 5. c3 cxd4 6. cxd4 Nc6 7. Nf3 Be7 8. 0-0 0-0 9. Ne5 Ne4 10. Nd2 f5 11. Ndf3 Nxe5 12. Nxe5 a6 13. Rf3 b5 14. Rh3 Qe8 15. Qe2 Bb7 16. a3 Rc8 17. g4 g6 18. g5 Nd6 19. Rf3 Rc7 20. h4 Qd8 1-0

[Event "Paris-ch op-C 87th"]
[Site "Paris"]
[Date "2012.07.08"]
[Round "2"]
[White "Lalanne, Tony"]
[Black "Bourogaa, Younes"]
[Result "1-0"]
[WhiteElo "1723"]
[BlackElo "1847"]
[PlyCount "113"]
[EventDate "2012.07.07"]
[EventType "swiss"]
[EventRounds "9"]
[EventCountry "FRA"]
[SourceTitle "EXT 2014"]
[Source "ChessBase"]
[SourceDate "2013.11.20"]
[SourceVersion "1"]
[SourceVersionDate "2013.11.20"]
[SourceQuality "1"]

1. e4 e5 2. Nf3 Nc6 3. Bb5 a6 4. Ba4 Nf6 5. 0-0 Be7 6. Re1 b5 7. Bb3 d6 8. c3 0-0 9. h3 Bb7 10. d4 Re8 11. Nbd2 Bf8 12. d5 Nb8 13. Nf1 Nbd7 14. Ng3 g6 15. Nh2 Bc8 16. Ng4 Nxg4 17. hxg4 Qh4 18. Nf1 Nc5 19. f3 Nxb3 20. axb3 f5 21. gxf5 gxf5 22. c4 Bd7 23. exf5 Bxf5 24. Ne3 Bd7 25. Qd2 Bh6 26. Qf2 Qxf2+ 27. Kxf2 Rf8 28. Nf1 Bg7 29. Ng3 Rfb8 30. Ne4 bxc4 31. bxc4 Rb4 32. c5 Ba4 33. cxd6 cxd6 34. Nxd6 Rd8 35. Nf5 Bf6 36. Re4 Rxe4 37. fxe4 Bb5 38. Bd2 Rc8 39. Rc1 Rxc1 40. Bxc1 Bd3 41. Kf3 Bc2 42. Bh6 Kf7 43. Nd6+ Ke7 44. Nc4 Bb3 45. Nd2 Bc2 46. Kg4 Ba4 47. Bg5 Bd1+ 48. Kh4 Bc2 49. Bxf6+ Kxf6 50. Kh5 Ke7 51. Kh6 Kd6 52. Kxh7 Bd1 53. b4 Bc2 54. g4 Bxe4+ 55. Nxe4+ Kxd5 56. Nf6+ Kc4 57. g5 1-0

[Event "Paris-ch op-A"]
[Site "Paris"]
[Date "2010.07.10"]
[Round "8"]
[White "Mascle, Jean Guy"]
[Black "Bourogaa, Younes"]
[Result "1-0"]
[WhiteElo "1972"]
[BlackElo "1878"]
[PlyCount "119"]
[EventDate "2010.07.03"]
[EventType "swiss"]
[EventRounds "9"]
[EventCountry "FRA"]
[SourceTitle "CBM 137 Extra"]
[Source "ChessBase"]
[SourceDate "2010.09.01"]
[SourceVersion "1"]
[SourceVersionDate "2010.09.01"]
[SourceQuality "1"]

1. e4 e5 2. Nf3 Nc6 3. Bc4 Bc5 4. b4 Bxb4 5. c3 Be7 6. d4 Na5 7. Nxe5 Nxc4 8. Nxc4 d5 9. exd5 Qxd5 10. Ne3 Qg5 11. Nd2 Nf6 12. Nf3 Qh5 13. Ne5 Qxd1+ 14. Nxd1 c5 15. 0-0 cxd4 16. cxd4 Nd5 17. Bd2 0-0 18. Nc3 Nxc3 19. Bxc3 Be6 20. Rfb1 b6 21. Bb4 Bxb4 22. Rxb4 Rfd8 23. a4 Rac8 24. h3 Rd5 25. Kh2 Rc2 26. Kg3 Rc3+ 27. Kh2 Bf5 28. Re1 f6 29. Nf3 Kf7 30. Re3 Rc2 31. g4 Bd7 32. Kg3 Ra5 33. Ra3 Bc6 34. Ne1 Rc1 35. Nf3 b5 36. d5 Bxd5 37. Rxb5 Rc5 38. Rxc5 Rxc5 39. a5 a6 40. Nd4 Rc1 41. Nf5 Rg1+ 42. Kf4 g5+ 43. Ke3 Rh1 44. Kd4 Bg2 45. Rc3 Rd1+ 46. Kc5 Rd5+ 47. Kb6 Re5 48. Rc7+ Ke6 49. Re7+ Kd5 50. Ne3+ Rxe3 51. Rxe3 Bf1 52. Re7 Bxh3 53. Kxa6 Bxg4 54. Rxh7 Ke4 55. Kb6 Kf3 56. a6 Kxf2 57. a7 Bf3 58. Rb7 Bxb7 59. Kxb7 g4 60. a8Q 1-0

[Event "Paris-ch op-A"]
[Site "Paris"]
[Date "2010.07.09"]
[Round "7"]
[White "Bourogaa, Younes"]
[Black "Parant, Pascal"]
[Result "0-1"]
[WhiteElo "1878"]
[BlackElo "1924"]
[PlyCount "106"]
[EventDate "2010.07.03"]
[EventType "swiss"]
[EventRounds "9"]
[EventCountry "FRA"]
[SourceTitle "CBM 137 Extra"]
[Source "ChessBase"]
[SourceDate "2010.09.01"]
[SourceVersion "1"]
[SourceVersionDate "2010.09.01"]
[SourceQuality "1"]

1. d4 d6 2. c4 e5 3. d5 Be7 4. e4 Bg5 5. Nf3 Bxc1 6. Qxc1 Nd7 7. Bd3 Nc5 8. Bc2 a5 9. Nbd2 Nf6 10. 0-0 Bg4 11. b3 Bxf3 12. gxf3 Nh5 13. Kh1 Nf4 14. Rg1 Ne2 15. Qf1 Nxg1 16. Qxg1 Qf6 17. Qg2 g6 18. Nf1 h5 19. Ne3 Qf4 20. Rg1 Nd7 21. Bd1 Nc5 22. Be2 Ke7 23. Qf1 Ra6 24. Qe1 Rha8 25. Qc3 Qh4 26. Rg3 Rf8 27. Qc2 Raa8 28. Qb1 Rfb8 29. Qc2 Kf8 30. Qd1 Qf4 31. Qg1 Na6 32. Rg5 Qf6 33. Rg3 a4 34. Qc1 axb3 35. axb3 Nc5 36. b4 Nb3 37. Qc3 Nd4 38. Bd1 Ra2 39. Kg2 b6 40. c5 bxc5 41. bxc5 Rbb2 42. Qe1 dxc5 43. Nc4 Rb1 44. Ne3 Raa1 45. Qc3 Rc1 46. Qb2 Qb6 47. Qd2 Qa5 48. Qd3 Qc3 49. Qxc3 Rxc3 50. Kf1 Rcc1 51. Ke1 Nc2+ 52. Nxc2 Rxc2 53. Rg1 Rb2 0-1

[Event "Paris-ch op-A"]
[Site "Paris"]
[Date "2010.07.08"]
[Round "6"]
[White "Iasman, Inna"]
[Black "Bourogaa, Younes"]
[Result "1-0"]
[WhiteElo "1973"]
[BlackElo "1878"]
[PlyCount "127"]
[EventDate "2010.07.03"]
[EventType "swiss"]
[EventRounds "9"]
[EventCountry "FRA"]
[SourceTitle "CBM 137 Extra"]
[Source "ChessBase"]
[SourceDate "2010.09.01"]
[SourceVersion "1"]
[SourceVersionDate "2010.09.01"]
[SourceQuality "1"]

1. d4 d5 2. c4 Nc6 3. cxd5 Qxd5 4. Nf3 e5 5. Nc3 Bb4 6. dxe5 Qxd1+ 7. Kxd1 Bg4 8. e3 Nxe5 9. Be2 Nxf3 10. gxf3 Be6 11. Rg1 Ne7 12. Kc2 0-0 13. a3 Bd6 14. h4 c5 15. h5 a6 16. Bd2 f5 17. f4 b5 18. Bf3 Rad8 19. Ne2 Nd5 20. Ba5 Rd7 21. Rad1 Ne7 22. Bc3 Rf7 23. Ba5 Rf8 24. Rg2 h6 25. Rdg1 Rf7 26. Bc3 Nd5 27. Rg6 Nxc3 28. Nxc3 Rfe7 29. Rxh6 Bc7 30. Rhg6 Ba5 31. h6 b4 32. axb4 cxb4 33. Rxe6 Rxe6 34. Bd5 Rxd5 35. Rxg7+ Kf8 36. Nxd5 Rxh6 37. Rg5 Rh2 38. Rxf5+ Kg7 39. Rg5+ Kf7 40. Rf5+ Ke6 41. e4 b3+ 42. Kxb3 Rxf2 43. Rf6+ Kd7 44. Rxa6 Bd2 45. Rf6 Bc1 46. f5 Bxb2 47. Re6 Ba1 48. Nb6+ Kc7 49. Nc4 Rf3+ 50. Kb4 Rf1 51. Kc5 Bc3 52. Ne3 Rf3 53. Nd5+ Kd7 54. Nxc3 Rxc3+ 55. Kd5 Ra3 56. Ke5 Ra1 57. Kf6 Rh1 58. Re7+ Kd8 59. Ke6 Ra1 60. f6 Ra6+ 61. Kf7 Ra1 62. e5 Rh1 63. Re8+ Kd7 64. e6+ 1-0